header

Illicit drugs in the environment (Record no. 246456)

MARC details
000 -LEADER
fixed length control field 02223nam a2200397 a 4500
082 04 - DEWEY DECIMAL CLASSIFICATION NUMBER
Classification number 363.739/4
245 00 - TITLE STATEMENT
Title Illicit drugs in the environment
260 ## - PUBLICATION, DISTRIBUTION, ETC. (IMPRINT)
Place of publication Hoboken, N.J. :
Name of publisher Wiley,
Year of publication c2011.
300 ## - PHYSICAL DESCRIPTION
Number of Pages xvii, 346 p. :
Other physical details ill.
505 0# - FORMATTED CONTENTS NOTE
Formatted contents note section 1. Introduction -- section 2. The physiology of illicit drugs -- section 3. Mass spectrometry in illicit drugs detection and measurement- current and novel environmental applications -- section 4. A. Mass spectrometric analysis of illicit drugs in the environment : occurrence and fate in wastewater and surface water -- section 4. B. Mass spectrometric analysis of illicit drugs in the environment : illicit drugs in drinking water -- section 4. C. Mass specrometric analysis of illicit drugs in the environment : presence in air and suspended particulate matter -- section 5. Applications of illicit drug analysis in the environment -- section 6. Conclusions.
650 #0 - SUBJECT ADDED ENTRY--TOPICAL TERM
Topical Term Drugs of abuse
Topical Term Drugs of abuse
Topical Term Drugs of abuse
Topical Term Water
Topical Term Organic water pollutants.
Topical Term Mass spectrometry.
700 1# - ADDED ENTRY--PERSONAL NAME
Personal name Castiglioni, Sara,
Personal name Zuccato, Ettore,
Personal name Fanelli, Roberto,
856 40 - ELECTRONIC LOCATION AND ACCESS
Uniform Resource Identifier http://site.ebrary.com/lib/rucke/Doc?id=10444397

No items available.

© 2026 Rongo University
Contact us: librarian | system librarian | Rongo university